Panamá: economía nacional, balance y perspectivas/

Expone la situación de Panamá, su economía nacional, un balance y algunas perspectivas. Son señalados los antecedentes inmediatos de las "sanciones económicas" y de la invasión y ocupación del país, mostrando además, indicadores de la lenta reactivación y ajustes económicos durante 1990....

Descrizione completa

Salvato in:
Dettagli Bibliografici
Autore principale: Jované, Juan A.
Altri autori: Pérez, Marian
Natura: testo
Lingua:Spanish
Soggetti:
Tags: Aggiungi Tag
Nessun Tag, puoi essere il primo ad aggiungerne!!

MARC

LEADER 00000 a a2200000 04500
001 7948
003 cru CIDCACS/IIS
005 20201202145517.0
008 201202b ||||| |||| 00| 0 spa d
999 |c 43550  |d 43550 
040 |c CRAI/IIS 
100 1 |a Jované, Juan A.  |9 9768 
245 1 |a Panamá:   |b economía nacional, balance y perspectivas/  |c Juan A. Jované 
300 |a páginas 27-39:  |b tablas 
520 |a Expone la situación de Panamá, su economía nacional, un balance y algunas perspectivas. Son señalados los antecedentes inmediatos de las "sanciones económicas" y de la invasión y ocupación del país, mostrando además, indicadores de la lenta reactivación y ajustes económicos durante 1990. Se afirma que los condicionamientos impuestos por las "donaciones" norteamericanas, limitan la esfera de determinación autónoma de la política económica. También incluye las perspectivas para la economía nacional en 1991, enmarcadas dentro de las tendencias internacionales. Concluye principalmente en que la política oficial tiende a radicalizar las dificultades de la reactivación y el desarrollo de la economía nacional, sobre todo con las políticas de "ajuste estructural" que implican a su vez nuevos retos para los sectores populares. AR/JM 
650 4 |a RECESION ECONOMICA  |9 1935 
650 0 |a CONDICIONES ECONOMICAS  |9 2165 
650 4 |a AJUSTE ESTRUCTURAL  |9 4425 
650 0 |a ECONOMIA INTERNACIONAL  |9 4406 
650 4 |a INTERVENCION EXTRANJERA  |9 1921 
650 0 |a INDICADORES ECONOMICOS  |9 3384 
650 4 |a PRODUCTO INTERNO BRUTO  |9 1841 
651 0 |9 353  |a PANAMA 
700 |a Pérez, Marian  
773 |g número 55; páginas 73-84  
773 0 |0 18875  |9 5037  |a Universidad de Costa Rica.  |d San José, Costa Rica Universidad de Costa Rica. Consejo Superior Universitario Centroamericano  |o MFN: 1442  |t Estudios Sociales Centroamericanos /  |x 03039676 
942 |2 ddc  |c PP